000 00614nam a2200193Ia 4500
003 GCL
008 140319s9999 xx 000 0 ara d
040 _aGCL /
_cGCL
082 0 4 _a331.12
_bع م
100 1 _aعبدالقادر شهيب
245 1 0 _aمحاكمة الانفتاح الاقتصادى فى مصر /
_cعبدالقادر شهيب
300 _a351 ص
490 _aالهيئة العامة للاستعلامات
_v0
650 0 4 _aالاقتصاد
650 0 4 _aراس المال
650 0 4 _aالاقتصاد فى مصر
650 0 4 _aالانفتاح الاقتصادى
942 _2ddc
_cBK
999 _c49907
_d49907